Smallest capitals A-Z (by population) - Statistics

General Stats
  • This quiz has been taken 18 times
    14 since last reset
  • The average score is 10 of 24
Answer Stats
Letters Capitals % Correct
V Vatican City
100%
Y Yaren
86%
B Basseterre
71%
Q Quito
71%
A Andorra la Vella
57%
H Honiara
57%
I Islamabad
57%
T Tarawa
57%
Z Zagreb
57%
G Georgetown
43%
N Nukuʻalofa
43%
R Roseau
43%
S San Marino
43%
U Ulaan-Baatar
43%
D Dili
29%
F Funafuti
29%
L Luxembourg
29%
W Windhoek
29%
C Castries
14%
J Juba
14%
K Kingstown
14%
M Majuro
14%
O Oslo
14%
P Palikir
14%
No matching quizzes found
Score Distribution
Percent of People with Each Score
Percentile by Number Answered
Your Score History
You have not taken this quiz since the last reset